000 01204nam1a2200277 i 4500
001 RU\NLR\bibl\308401
005 20241103102049.0
035 _a(NLR Aleph) 000303543
090 _a7036
_c7036
100 _a20020918g20029999|||y0rusy50 ca
101 0 _arus
102 _aRU
105 _aa |||||||||
200 1 _aЛекции по сопротивлению материалов с примерами расчетов
_eУчеб. пособие
_fА.Ю. Цвей
_gМоск. автомобил.-дорож. ин-т (Гос. техн. ун-т)
210 _aМ.
_cИзд-во МАДИ
_d2002
215 _d21
463 0 _1001299567
606 _aСопротивление материалов
_jРуководства, пособия и т.п. для высшей школы
_91104923
_3RU\NLR\auth\66115919
606 _aСопротивление материалов
_jУчебные издания для высшей школы
_91104923
_3RU\NLR\auth\66115919
686 _aЖ121я73-2
700 1 _aЦвей
_bА. Ю.
_gАлександр Юрьевич
_4070
801 0 _aRU
_bNLR
_c20020918
_gPSBO
801 1 _aRU
_bNLR
_c20020918
852 _aNLR
_j2002-3/20589
942 _cBOOK